El lenguaje y los grupos humanos

שמור ב:
מידע ביבליוגרפי
מחבר ראשי: Fourquet, Jean
פורמט: ספר
שפה:Undetermined
יצא לאור: Buenos Aires, Argentina Ediciones Nueva Visión 1976
נושאים:
תגים: הוספת תג
אין תגיות, היה/י הראשונ/ה לתייג את הרשומה!

MARC

LEADER 00000nam a2200000Ia 4500
008 170316s9999 xx 000 0 und d
090 |a 410 F-5L 
100 |a Fourquet, Jean 
245 |a El lenguaje y los grupos humanos 
260 |a Buenos Aires, Argentina 
260 |b Ediciones Nueva Visión 
260 |c 1976 
300 |a 207 páginas 
650 |a LINGÜÍSTICA 
999 |c 18372  |d 18372 
040 |a cru BVZT 
942 |c 15 D  |h 410 F-5L  |2 z